000 00537nam a2200205Ia 4500
003 OSt
005 20230531094140.0
008 210423s2013 xx 000 0 und d
020 _a978-81-9202-351-9
040 _cAL
041 _aeng
082 _a363.7 MISU
100 _aMISHRA (Rabindra Kumar).
_9117492
245 _aUrbanization and environment in India
260 _aNew Delhi
_bAvon Publications
_c2013
300 _avii,198
_bHB
365 _b750
_cINR
906 _aenvironment ; India ; Urbanization
942 _2ddc
_cBK
999 _c176333
_d176333